000 00311nam a2200133Ia 4500
008 210312s9999||||xx |||||||||||||| ||und||
041 _aosm
050 _aPL248
050 _bM877.D58
100 _aMustafa Zekai
245 0 _aDivan-ı Zekayi
260 _c1872
650 _aEdebiyat--Fransız edebiyatı--Şiir
999 _c21934
_d21934